| 000 | 01172nam0a22002651 4500 | ||
|---|---|---|---|
| 001 | v19\rc\1658607 | ||
| 005 | 20250619005451.0 | ||
| 035 | _a(NLR Aleph) 004768481 | ||
| 090 |
_a4617244 _c4617244 |
||
| 100 | _a20061002f18901899|||y0rusy50 ca | ||
| 101 | 0 | _arus | |
| 102 | _aRU | ||
| 105 | _ay z |||a| | ||
| 200 | 1 |
_aБархатные когти _eРоман в 2 ч. _f[Соч.] П. Летнева |
|
| 210 |
_aКиев _cк-во "Изящная лит." _d[189-?] |
||
| 215 |
_a[2], XXX, 233 с. _d17 |
||
| 327 | 0 | _aС. I-XXX: Несколько слов о П. Летневе / А[нна Александровна] Л[ачинова] | |
| 464 | 0 |
_12001#$aНесколько слов о П. Летневе$fАнна Александровна Лачинова _1215##$aС. I-XXX _1700#1$aЛачинова$bА.А.$f1832-1914$gАнна Александровна _tНесколько слов о П. Летневе _aЛачинова, Анна Александровна (1832-1914) |
|
| 700 | 1 |
_aЛетнев _bП. |
|
| 801 | 0 |
_aRU _bNLR _gpsbo |
|
| 801 | 0 |
_aRU _bRuMoRGB _2psbo |
|
| 801 | 1 |
_aRU _bProSoft-M _2rusmarc |
|
| 852 |
_aNLR _jЛ30/Б-1/58 |
||
| 942 | _cBOOK | ||
| 980 | _aNB | ||